Horror Movie By Cast - Statistics

General Stats
  • This quiz has been taken 71 times
  • The average score is 16 of 51
Answer Stats
Cast Movie % Correct
Robert Englund, Johnny Depp A Nightmare on Elm Street
79%
Sigourney Weaver, Harry Dean Stanton Alien
74%
Jamie Lee Curtis, Judy Greer Halloween
74%
Sissy Spacek, John Travolta Carrie
72%
Neve Campbell, David Arquette Scream
70%
Jack Nicholson, Shelley Duvall The Shining
68%
Anthony Perkins, Janet Leigh Psycho
60%
Betsy Palmer, Kevin Bacon Friday the 13th
58%
Tobin Bell, Danny Glover Saw
54%
Jodie Foster, Anthony Hopkins The Silence of the Lambs
53%
Christian Bale, Willem Dafoe American Psycho
51%
Virginia Madsen, Tony Todd Candyman
51%
Tim Curry, Emily Perkins It
49%
Linda Blair, Max von Sydow The Exorcist
49%
Jeff Goldblum, Geena Davis The Fly
46%
Cillian Murphy, Brendan Gleeson 28 Days Later
44%
Roy Schneider, Richard Dreyfuss Jaws
39%
Naomi Watts, Martin Henderson The Ring
37%
Brad Dourif, Alex Vincent Child's Play
35%
James McAvoy, Anya Taylor Joy Split
35%
Kurt Russell, Keith David The Thing
35%
Kristen Connoly, Chris Hemsworth The Cabin in the Woods
33%
Robert Pattinson, Willem Dafoe The Lighthouse
33%
Ethan Hawke, Vincent D'Onofrio Sinister
32%
Anya Taylor Joy, Ralph Ineson The Witch
30%
Daniel Kaluuya, Alison Williams Get Out
26%
Heather Donahue, Joshua Leonard The Blair Witch Project
26%
Hunnar Hansen, Marilyn Burns The Texas Chainsaw Massacre
26%
Doug Bradley, Ashley Laurence Hellraiser
25%
Max Schreck, Greta Schroder Nosferatu
25%
John Cusack, Samuel L. Jackson 1408
23%
Gary Oldman, Keanu Reeves Bram Stoker's Dracula
23%
Jennifer Lawrence, Javier Bardem Mother!
23%
Sandra Bullock, John Malkovich Bird Box
21%
Kevin Bacon, Fred Ward Tremors
21%
Ken Foree, Gaylen Ross Dawn of the Dead
11%
Johnny Depp, John Turturro Secret Window
11%
Carla Gugino, Bruce Greenwood Gerald's Game
9%
Keanu Reeves, Ana de Armas Knock Knock
9%
Katie Featherston, Micah Sloat Paranormal Activity
9%
Rose McGowan, Freddy Rodriguez Planet Terror
9%
Robert De Niro, Dakota Fanning Hide and Seek
7%
Jay Hernandez, Derek Richardson Hostel
7%
Jack Nance, Charlotte Stewart Eraserhead
5%
Kurt Russell, Lili Simmons Bone Tomahawk
4%
Emilio Estavez, Laura Harrington Maximum Overdrive
4%
John Malkovich, Willem Dafoe Shadow of the Vampire
4%
Thomas Jane, Alexa Davalos The Mist
4%
Martin Freeman, Natasha Wanganeen Cargo
2%
Brian Krause, Ron Perlman Sleepwalkers
2%
Logan Marshall Green, John Carroll Lynch The Invitation
2%
No matching quizzes found
Score Distribution
Percent of People with Each Score
Percentile by Number Answered
Your Score History
You have not taken this quiz